000
00313nam a2200133Ia 4500
008
240624s9999 xx 000 0 und d
041
_a
eng
082
_a
658.827 AAK
100
_a
AAKER DAVID A
245
_a
MANAGING BRAND EQUITY
260
_c
1991
_a
New York
_b
Free Press
300
_a
299 : p.
365
_c
_b
25
999
_c
20865
_d
20865